00533 2200193 4500001002100000005001500021035002000036007000300056008004100059020002200100082001000122084001600132100002500148245005500173260003700228300004300265650001100308600002000319INLIS00000000000112620250117094004 a0010-0125000009ta250117 g 0 ind  a978-979-582-278-3 a633.1 a633.1 AND b0 aAndi Amran Sulaiman,1 aBudidaya Jagung Terstandar /cAndi Amran Sulaiman, aJakarta :bPertanianPress,c2024 aXIi, 102 hlm. :bIlus ;c15 cm x 21 cm 4aJagung 4aVarietas Unggul